[Event "Liga Madrileña - DH 2013-2014"]
[Site "Madrid ESP"]
[Date "2014.02.15"]
[Round "10.16"]
[White "Collado Barbas, Laura"]
[Black "Dougan Maho, Harold"]
[Result "1-0"]
[WhiteElo "2133"]
[BlackElo "2221"]
[PlyCount "103"]
[EventDate "2013.11.18"]
[EventType "team-tourn"]
[EventRounds "14"]
[EventCountry "ESP"]
[Source "lmi"]
[SourceDate "2013.11.18"]
[WhiteTeam "La Casa del Ajedrez"]
[BlackTeam "64 Villalba"]
[WhiteTeamCountry "ESP"]
[BlackTeamCountry "ESP"]

1. d4 d5 2. c4 Bf5 3. Nc3 e6 4. Nf3 Nf6 5. Bg5 c6 6. Qb3 Qb6 7. c5 Qxb3 8. axb3
Na6 9. Ra4 Bc2 10. Nd2 e5 11. e3 Nc7 12. Be2 Nd7 13. O-O Ne6 14. Bh4 g5 15. Bg3
Bg7 16. Rc1 exd4 17. exd4 Bg6 18. Nf3 O-O 19. Bd6 Rfe8 20. Kf1 g4 21. Ne5 Bxe5
22. dxe5 Nexc5 23. Bxc5 Nxc5 24. Nxd5 Nxb3 25. Nf6+ Kh8 26. Nxe8 Nxc1 27. Nd6
Nxe2 28. Kxe2 b6 29. Ke3 h5 30. f4 gxf3 31. gxf3 Kg7 32. f4 Bb1 33. Ra1 Bc2 34.
Rg1+ Kf8 35. Rg5 h4 36. Rh5 Ke7 37. f5 a5 38. Rxh4 b5 39. Rh7 Rf8 40. Kd2 Bb3
41. Nb7 a4 42. Rh4 Rg8 43. Nc5 Bd5 44. Kc3 Rg2 45. Rh8 f6 46. Rh7+ Ke8 47. e6
Rg5 48. Nb7 Bxe6 49. fxe6 Re5 50. Nd6+ Kf8 51. Rf7+ Kg8 52. e7 1-0

[Event "Liga Madrileña - DH 2013-2014"]
[Site "Madrid ESP"]
[Date "2014.02.15"]
[Round "10.21"]
[White "Anton Guijarro, David"]
[Black "Taboas Rodriguez, Daniel"]
[Result "1-0"]
[WhiteElo "2553"]
[BlackElo "2398"]
[PlyCount "83"]
[EventDate "2013.11.18"]
[EventType "team-tourn"]
[EventRounds "14"]
[EventCountry "ESP"]
[Source "lmi"]
[SourceDate "2013.11.18"]
[WhiteTeam "Virgen de Atocha"]
[BlackTeam "Blanco y Negro"]
[WhiteTeamCountry "ESP"]
[BlackTeamCountry "ESP"]

1. d4 Nf6 2. c4 g6 3. Nc3 Bg7 4. e4 d6 5. Nge2 O-O 6. Ng3 c5 7. d5 e6 8. Be2
exd5 9. exd5 a6 10. O-O Nfd7 11. Nge4 Qe7 12. Bg5 f6 13. Bh4 Ne5 14. f4 Nf7 15.
Bd3 Bf5 16. Re1 Qd8 17. Nf2 Bxd3 18. Nxd3 Nd7 19. Re6 Qc7 20. f5 gxf5 21. Ne2
Nde5 22. Ng3 Ng5 23. Nxf5 Nxe6 24. dxe6 Rae8 25. Nf4 Ng6 26. Nd5 Qc8 27. Nxd6
Qxe6 28. Nc7 Qe2 29. Ndxe8 Rxe8 30. Nxe8 Qxe8 31. Qd5+ Qf7 32. Qxf7+ Kxf7 33.
Bf2 b6 34. Rd1 Ke6 35. Rd8 Ne5 36. b3 f5 37. Kf1 Nc6 38. Ra8 Be5 39. Rxa6 Bc7
40. Bxc5 Nb8 41. Ra7 Bxh2 42. Rxh7 1-0

[Event "Liga Madrileña - DH 2013-2014"]
[Site "Madrid ESP"]
[Date "2014.02.15"]
[Round "10.22"]
[White "Bolado Saez, Sergio"]
[Black "Almagro Llanas, Pablo"]
[Result "0-1"]
[WhiteElo "2349"]
[BlackElo "2467"]
[PlyCount "90"]
[EventDate "2013.11.18"]
[EventType "team-tourn"]
[EventRounds "14"]
[EventCountry "ESP"]
[Source "lmi"]
[SourceDate "2013.11.18"]
[WhiteTeam "Blanco y Negro"]
[BlackTeam "Virgen de Atocha"]
[WhiteTeamCountry "ESP"]
[BlackTeamCountry "ESP"]

1. d4 Nf6 2. c4 e6 3. Nf3 c5 4. Nc3 cxd4 5. Nxd4 a6 6. a3 b6 7. e4 d6 8. Be3
Bb7 9. f3 Nbd7 10. Be2 Be7 11. O-O O-O 12. Qd2 Rc8 13. Rfd1 Qc7 14. Rac1 Qb8
15. Kh1 Bd8 16. Bf1 Bc7 17. Bg1 Kh8 18. b4 Rg8 19. Nb3 Rgd8 20. a4 Ne5 21. a5
bxa5 22. b5 d5 23. exd5 axb5 24. Nxb5 exd5 25. c5 Nc4 26. Qa2 a4 27. N3d4 Bf4
28. Rxc4 dxc4 29. Qxc4 Bd5 30. Qb4 Bb3 31. Rb1 Nd5 32. Qa3 Be3 33. Bxe3 Nxe3
34. Nd6 Nxf1 35. Rxf1 Rc7 36. N4b5 Rc6 37. Rc1 h6 38. h3 Kg8 39. Qa1 Be6 40.
Qxa4 Qa8 41. Qe4 Bd7 42. Qe7 Be6 43. Nc7 Qb8 44. Nxe6 Rdxd6 45. Nxg7 Rxc5 0-1

[Event "Liga Madrileña - DH 2013-2014"]
[Site "Madrid ESP"]
[Date "2014.02.15"]
[Round "10.23"]
[White "Rubio Mejia, Luis Ignacio"]
[Black "Alarcia Astriz, Carlos"]
[Result "1/2-1/2"]
[WhiteElo "2452"]
[BlackElo "2331"]
[PlyCount "131"]
[EventDate "2013.11.18"]
[EventType "team-tourn"]
[EventRounds "14"]
[EventCountry "ESP"]
[Source "lmi"]
[SourceDate "2013.11.18"]
[WhiteTeam "Virgen de Atocha"]
[BlackTeam "Blanco y Negro"]
[WhiteTeamCountry "ESP"]
[BlackTeamCountry "ESP"]

1. d4 Nf6 2. c4 e6 3. Nc3 d5 4. cxd5 exd5 5. Bg5 Be7 6. e3 O-O 7. Bd3 Nbd7 8.
Qc2 Re8 9. Nge2 Nf8 10. O-O-O c6 11. h3 a5 12. Kb1 b5 13. g4 a4 14. Ng3 Qa5 15.
Nce2 Qb6 16. Rc1 Bd7 17. Nf5 Bd8 18. Nf4 b4 19. Qe2 Ne6 20. h4 a3 21. b3 Nxf4
22. Bxf4 Bxf5 23. gxf5 Ne4 24. Bxe4 Rxe4 25. Be5 Bc7 26. Bxc7 Qxc7 27. Qf3 f6
28. h5 h6 29. Rc5 Ra5 30. Rc2 Ra8 31. Rhc1 Rc8 32. Rg1 Kh8 33. Rg3 Qf7 34. Rc5
Rh4 35. Rh3 Rxh3 36. Qxh3 Qc7 37. Kc2 Re8 38. Kd2 Re4 39. Rc1 Qd6 40. Qg3 Qd7
41. Rg1 Re8 42. Qf3 Qd6 43. Rc1 Re4 44. Qg3 Qd7 45. f3 Re8 46. Qf4 Rc8 47. Rc5
Qf7 48. Qg4 Qc7 49. Qg2 Qd7 50. Qg4 Qc7 51. Qf4 Qf7 52. Qh2 Qd7 53. Qf4 Qf7 54.
Qh4 Qd7 55. Qh3 Qc7 56. Ke2 Re8 57. Qg2 Qd7 58. Qg4 Qc7 59. Qh4 Qd7 60. Qf4 Rc8
61. Kd3 Qb7 62. Kd2 Qd7 63. Rc1 Qf7 64. Qg4 Qc7 65. Qf4 Qf7 66. Qg4 1/2-1/2

[Event "Liga Madrileña - DH 2013-2014"]
[Site "Madrid ESP"]
[Date "2014.02.15"]
[Round "10.24"]
[White "Renteria Becerra, Jorge Elicer"]
[Black "Fernandez Barrera, Victor"]
[Result "1-0"]
[WhiteElo "2311"]
[BlackElo "2313"]
[PlyCount "97"]
[EventDate "2013.11.18"]
[EventType "team-tourn"]
[EventRounds "14"]
[EventCountry "ESP"]
[Source "lmi"]
[SourceDate "2013.11.18"]
[WhiteTeam "Blanco y Negro"]
[BlackTeam "Virgen de Atocha"]
[WhiteTeamCountry "ESP"]
[BlackTeamCountry "ESP"]

1. d4 Nf6 2. c4 g6 3. f3 e5 4. dxe5 Nh5 5. Nh3 Qh4+ 6. Nf2 Qxc4 7. Nc3 Bb4 8.
Bd2 Qe6 9. Nd5 Qxd5 10. Bxb4 Qxd1+ 11. Rxd1 Nc6 12. Bc3 O-O 13. Ne4 b5 14. b3
b4 15. Bb2 a5 16. g4 Ng7 17. Nf6+ Kh8 18. Nxd7 Bxd7 19. Rxd7 a4 20. e6 axb3 21.
axb3 Kg8 22. Rxc7 Na5 23. exf7+ Rxf7 24. Rxf7 Kxf7 25. e3 Rc8 26. Bd3 Ne6 27.
Ke2 Nxb3 28. f4 Nec5 29. Bc4+ Ke7 30. f5 Na5 31. f6+ Kf8 32. Bd5 Na4 33. Be5
Nc3+ 34. Bxc3 bxc3 35. Kd3 c2 36. Rc1 Nc6 37. Bxc6 Rxc6 38. g5 h6 39. Rxc2 Rd6+
40. Ke4 hxg5 41. Ke5 Ra6 42. Rc8+ Kf7 43. Rc7+ Kf8 44. e4 g4 45. Rg7 Ra5+ 46.
Kf4 Rh5 47. e5 Rxh2 48. e6 Rf2+ 49. Kg5 1-0

[Event "Liga Madrileña - DH 2013-2014"]
[Site "Madrid ESP"]
[Date "2014.02.15"]
[Round "10.25"]
[White "Rabadan Velasco, Raul"]
[Black "Garrido Olivares, Ricard"]
[Result "0-1"]
[WhiteElo "2280"]
[BlackElo "2216"]
[PlyCount "112"]
[EventDate "2013.11.18"]
[EventType "team-tourn"]
[EventRounds "14"]
[EventCountry "ESP"]
[Source "lmi"]
[SourceDate "2013.11.18"]
[WhiteTeam "Virgen de Atocha"]
[BlackTeam "Blanco y Negro"]
[WhiteTeamCountry "ESP"]
[BlackTeamCountry "ESP"]

1. b3 d5 2. Bb2 Nf6 3. e3 e6 4. Nf3 b6 5. c4 Bb7 6. Be2 Be7 7. g4 h6 8. Qc2 c5
9. cxd5 exd5 10. Rg1 Nc6 11. a3 Qd6 12. h4 Rg8 13. g5 hxg5 14. hxg5 Nd7 15. g6
fxg6 16. Rxg6 Bf6 17. Bxf6 Nxf6 18. Nc3 O-O-O 19. d4 Kb8 20. Nb5 Qe7 21. Qf5 a6
22. Qf4+ Ka8 23. Nc3 Ne4 24. Na4 b5 25. Nxc5 Nxc5 26. dxc5 Qxc5 27. Kf1 d4 28.
Rd1 Qxa3 29. exd4 Qxb3 30. Ng5 Qc2 31. Re6 Rgf8 32. Qe3 Qf5 33. Bf3 Nb4 34.
Bxb7+ Kxb7 35. Re5 Qg4 36. Re7+ Rd7 37. Rxd7+ Qxd7 38. d5 Qd6 39. Ne6 Rc8 40.
Qf3 a5 41. Qf7+ Kb6 42. Qxg7 Rc4 43. Nf8 Nxd5 44. Re1 Nc7 45. Nd7+ Ka6 46. Ne5
Rc2 47. Qg8 Qb6 48. Qc8+ Ka7 49. Nd3 Qb7 50. Qh8 Qd5 51. Qh7 Rc3 52. Re3 a4 53.
Rg3 a3 54. Qg7 Qc4 55. Kg2 a2 56. Nf4 a1=Q 0-1

[Event "Liga Madrileña - DH 2013-2014"]
[Site "Madrid ESP"]
[Date "2014.02.15"]
[Round "10.26"]
[White "Rivas Vila, David"]
[Black "Vazquez Torres, Adrian"]
[Result "1/2-1/2"]
[WhiteElo "2211"]
[BlackElo "2179"]
[PlyCount "112"]
[EventDate "2013.11.18"]
[EventType "team-tourn"]
[EventRounds "14"]
[EventCountry "ESP"]
[Source "lmi"]
[SourceDate "2013.11.18"]
[WhiteTeam "Blanco y Negro"]
[BlackTeam "Virgen de Atocha"]
[WhiteTeamCountry "ESP"]
[BlackTeamCountry "ESP"]

1. e4 c5 2. Nc3 d6 3. Nge2 Nc6 4. g3 Bg4 5. Bg2 Nd4 6. h3 Bf3 7. O-O Nxe2+ 8.
Nxe2 Bxg2 9. Kxg2 g6 10. d4 Bg7 11. c4 cxd4 12. Nxd4 Nf6 13. Qd3 O-O 14. Be3
Nd7 15. Rac1 Qa5 16. Qb1 Rfc8 17. b4 Qa6 18. Qb3 Bxd4 19. Bxd4 Qc6 20. f3 a5
21. a3 axb4 22. axb4 Qa4 23. Qb2 Qa3 24. Rf2 e5 25. Qxa3 Rxa3 26. Bb2 Rd3 27.
Rfc2 Kf8 28. Kf2 Ke7 29. c5 dxc5 30. Ke2 Rb3 31. bxc5 f6 32. g4 g5 33. Ra1 Rc6
34. Ra8 Nf8 35. Bc1 Ne6 36. Be3 Nd4+ 37. Bxd4 exd4 38. Rc4 b5 39. Rxd4 Rxc5 40.
Rd3 Rxd3 41. Kxd3 b4 42. Rb8 Rc3+ 43. Kd4 Rxf3 44. Rxb4 Rxh3 45. e5 Rf3 46.
Rb7+ Ke6 47. exf6 Kxf6 48. Rxh7 Rf4+ 49. Ke3 Rxg4 50. Kf3 Ra4 51. Kg3 Kg6 52.
Rh8 Rf4 53. Rg8+ Kh6 54. Rh8+ Kg7 55. Ra8 Re4 56. Ra6 Rc4 1/2-1/2

[Event "Liga Madrileña - DH 2013-2014"]
[Site "Madrid ESP"]
[Date "2014.02.16"]
[Round "10.31"]
[White "Garcia Callejo, Jesus"]
[Black "Aranda Marin, Cristian"]
[Result "0-1"]
[WhiteElo "2224"]
[BlackElo "2303"]
[PlyCount "102"]
[EventDate "2013.11.18"]
[EventType "team-tourn"]
[EventRounds "14"]
[EventCountry "ESP"]
[Source "lmi"]
[SourceDate "2013.11.18"]
[WhiteTeam "Vallecas CDV"]
[BlackTeam "San Fernando de Henares"]
[WhiteTeamCountry "ESP"]
[BlackTeamCountry "ESP"]

1. e4 c5 2. Nc3 Nc6 3. f4 g6 4. Nf3 Bg7 5. Bc4 e6 6. f5 Nge7 7. fxe6 fxe6 8. d3
d5 9. Bb3 b5 10. O-O c4 11. dxc4 bxc4 12. exd5 exd5 13. Ba4 O-O 14. Bxc6 Nxc6
15. Qxd5+ Qxd5 16. Nxd5 Rd8 17. Ne3 c3 18. bxc3 Ba6 19. Rd1 Bxc3 20. Rb1 Nd4
21. Bb2 Ne2+ 22. Kf2 Rxd1 23. Nxd1 Ba5 24. Be5 Bb6+ 25. Ne3 Rc8 26. Rb4 Nc3 27.
Bd4 Ba5 28. Bxc3 Rxc3 29. Ra4 Bb6 30. Nd4 Bb7 31. Ke2 Rc5 32. Kd3 Rc7 33. g3
Re7 34. c4 Be4+ 35. Kc3 Rd7 36. Nec2 Rf7 37. Kb4 Rc7 38. Kc3 Rf7 39. Nb4 Rf2
40. Nd5 Bxd5 41. cxd5 Rxh2 42. Nc6 Rg2 43. g4 Rg3+ 44. Kc2 Kf8 45. Nxa7 Bxa7
46. Rxa7 Rxg4 47. Rxh7 Rd4 48. Rd7 Ke8 49. Kc3 Ra4 50. Rd6 Rxa2 51. Rxg6 Ra4
0-1

[Event "Liga Madrileña - DH 2013-2014"]
[Site "Madrid ESP"]
[Date "2014.02.16"]
[Round "10.32"]
[White "Fernandez Blazquez, Diego"]
[Black "Martin Duque, Jesus"]
[Result "1-0"]
[WhiteElo "2195"]
[BlackElo "2233"]
[PlyCount "79"]
[EventDate "2013.11.18"]
[EventType "team-tourn"]
[EventRounds "14"]
[EventCountry "ESP"]
[Source "lmi"]
[SourceDate "2013.11.18"]
[WhiteTeam "San Fernando de Henares"]
[BlackTeam "Vallecas CDV"]
[WhiteTeamCountry "ESP"]
[BlackTeamCountry "ESP"]

1. d4 Nf6 2. c4 c6 3. Nf3 d5 4. e3 Bf5 5. Nc3 e6 6. Nh4 Be4 7. f3 Bg6 8. Qb3 b5
9. cxb5 c5 10. dxc5 Bxc5 11. Bd2 Nbd7 12. Nxg6 hxg6 13. Na4 Bd6 14. O-O-O Rc8+
15. Kb1 Qe7 16. Be2 O-O 17. Rc1 Ne5 18. Rxc8 Rxc8 19. Rc1 Rxc1+ 20. Bxc1 Ned7
21. g3 e5 22. b6 axb6 23. Nxb6 Nxb6 24. Qxb6 e4 25. f4 Bc5 26. Qb8+ Kh7 27. a4
d4 28. exd4 Bxd4 29. a5 Qc5 30. Qb5 Qd6 31. a6 Bb6 32. f5 e3 33. fxg6+ fxg6 34.
Qb3 Qc5 35. Qc2 Qd6 36. Qd3 Qc5 37. Qc4 Qf5+ 38. Bd3 Qf2 39. Qh4+ Nh5 40. Qxh5+
1-0

[Event "Liga Madrileña - DH 2013-2014"]
[Site "Madrid ESP"]
[Date "2014.02.16"]
[Round "10.33"]
[White "Montanes Arribas, Adrian"]
[Black "Jimenez Lopez, Antonio"]
[Result "0-1"]
[WhiteElo "2220"]
[BlackElo "2107"]
[PlyCount "44"]
[EventDate "2013.11.18"]
[EventType "team-tourn"]
[EventRounds "14"]
[EventCountry "ESP"]
[Source "lmi"]
[SourceDate "2013.11.18"]
[WhiteTeam "Vallecas CDV"]
[BlackTeam "San Fernando de Henares"]
[WhiteTeamCountry "ESP"]
[BlackTeamCountry "ESP"]

1. e4 c5 2. Nf3 e6 3. d4 cxd4 4. Nxd4 Nf6 5. Nc3 Nc6 6. Ndb5 Bb4 7. a3 Bxc3+ 8.
Nxc3 d5 9. exd5 exd5 10. Bd3 d4 11. Ne2 O-O 12. O-O Re8 13. Re1 Qd5 14. b4 Bf5
15. Bb2 Rad8 16. Qd2 Bxd3 17. Qxd3 Ne5 18. Qg3 Ne4 19. Qh4 Ng6 20. Qh3 Ng5 21.
Qh5 Re4 22. g3 Rxe2 0-1

[Event "Liga Madrileña - DH 2013-2014"]
[Site "Madrid ESP"]
[Date "2014.02.16"]
[Round "10.34"]
[White "Ocana Lameiro, Oliver"]
[Black "Madurga Lopez, Ignacio"]
[Result "0-1"]
[WhiteElo "2044"]
[BlackElo "2088"]
[PlyCount "80"]
[EventDate "2013.11.18"]
[EventType "team-tourn"]
[EventRounds "14"]
[EventCountry "ESP"]
[Source "lmi"]
[SourceDate "2013.11.18"]
[WhiteTeam "San Fernando de Henares"]
[BlackTeam "Vallecas CDV"]
[WhiteTeamCountry "ESP"]
[BlackTeamCountry "ESP"]

1. Nf3 c5 2. c4 Nf6 3. d4 cxd4 4. Nxd4 e5 5. Nf3 Nc6 6. g3 e4 7. Nd4 Ne5 8. b3
Bb4+ 9. Bd2 Bc5 10. Bc3 e3 11. fxe3 Neg4 12. Qd3 Ne5 13. Qc2 d6 14. Bg2 Qe7 15.
h3 Nh5 16. g4 Qh4+ 17. Kd2 Ng3 18. Rg1 h5 19. Nf3 Nxf3+ 20. exf3 O-O 21. Re1
hxg4 22. fxg4 f5 23. g5 Qxg5 24. Qd3 Kh8 25. h4 Qg4 26. b4 Bb6 27. Qxd6 Rd8 28.
Qxd8+ Bxd8 29. Na3 Be6 30. h5 Bg5 31. Bd4 Qxd4+ 32. Kc2 Qh4 33. Kb3 Rc8 34.
Rac1 Ne4 35. Re2 Bh6 36. Nb5 Bxc4+ 37. Rxc4 Rxc4 38. Kxc4 Ng3+ 39. Kd3 Nxe2 40.
Kxe2 Qc4+ 0-1

[Event "Liga Madrileña - DH 2013-2014"]
[Site "Madrid ESP"]
[Date "2014.02.16"]
[Round "10.35"]
[White "Montoya Pecurul, Marc"]
[Black "Fernandez Gil, Ruben Carlos"]
[Result "1-0"]
[WhiteElo "2092"]
[BlackElo "2043"]
[PlyCount "77"]
[EventDate "2013.11.18"]
[EventType "team-tourn"]
[EventRounds "14"]
[EventCountry "ESP"]
[Source "lmi"]
[SourceDate "2013.11.18"]
[WhiteTeam "Vallecas CDV"]
[BlackTeam "San Fernando de Henares"]
[WhiteTeamCountry "ESP"]
[BlackTeamCountry "ESP"]

1. e4 e6 2. d4 d5 3. Nc3 Bb4 4. a3 Bxc3+ 5. bxc3 dxe4 6. Qg4 Nf6 7. Qxg7 Rg8 8.
Qh6 Rg6 9. Qe3 b6 10. Ne2 Bb7 11. Ng3 c5 12. Bb5+ Nbd7 13. dxc5 bxc5 14. Qxc5
Rc8 15. Qd4 Qa5 16. Qb4 Qxb4 17. cxb4 Rxc2 18. Be3 a6 19. Ba4 Rc3 20. O-O Ke7
21. Rfc1 Nd5 22. Rxc3 Nxc3 23. Bb3 f5 24. Rc1 Nd5 25. Bd4 Kd8 26. Ba4 Nf4 27.
Bxd7 Kxd7 28. Be3 Nd5 29. Ne2 Bc6 30. g3 Bb5 31. Nf4 Nxf4 32. Bxf4 Rg8 33. Rc7+
Ke8 34. Rxh7 Be2 35. h4 Rg4 36. h5 Kf8 37. h6 Rg6 38. Rc7 e5 39. Bxe5 1-0

[Event "Liga Madrileña - DH 2013-2014"]
[Site "Madrid ESP"]
[Date "2014.02.16"]
[Round "10.36"]
[White "De La Orden Alcocer, Alejandro"]
[Black "Morona Minguez, Irene"]
[Result "1-0"]
[WhiteElo "1932"]
[BlackElo "1983"]
[PlyCount "91"]
[EventDate "2013.11.18"]
[EventType "team-tourn"]
[EventRounds "14"]
[EventCountry "ESP"]
[Source "lmi"]
[SourceDate "2013.11.18"]
[WhiteTeam "San Fernando de Henares"]
[BlackTeam "Vallecas CDV"]
[WhiteTeamCountry "ESP"]
[BlackTeamCountry "ESP"]

1. Nf3 Nf6 2. g3 g6 3. Bg2 Bg7 4. c4 d6 5. Nc3 O-O 6. O-O Nbd7 7. Rb1 e5 8. d3
Re8 9. Nd2 h6 10. b4 Kh7 11. b5 Nc5 12. Nb3 Nfd7 13. Be3 Nxb3 14. Qxb3 f5 15.
Qc2 Rf8 16. Nd5 Nb6 17. a4 f4 18. Bd2 Nxd5 19. Bxd5 Bh3 20. Bg2 Bxg2 21. Kxg2
Qf6 22. f3 Qe6 23. g4 Qe7 24. Bb4 h5 25. h3 Rh8 26. Rh1 h4 27. c5 d5 28. c6 Qf7
29. cxb7 Rab8 30. Qc6 Rhe8 31. Rhe1 Bf8 32. Bxf8 Rxf8 33. Rbc1 Rfe8 34. Qxc7
Rxb7 35. Qxf7+ Rxf7 36. Rc5 Rd8 37. Rec1 Kg7 38. Rc6 Re7 39. Ra6 e4 40. fxe4
dxe4 41. dxe4 Rd4 42. Rcc6 Rdxe4 43. Rxg6+ Kh7 44. Kf3 Re3+ 45. Kxf4 Rxe2 46.
Kg5 1-0

[Event "Liga Madrileña - DH 2013-2014"]
[Site "Madrid ESP"]
[Date "2014.02.16"]
[Round "10.41"]
[White "Granda Zuniga, Julio E"]
[Black "Vallejo Diaz, Javier"]
[Result "1-0"]
[WhiteElo "2680"]
[BlackElo "2400"]
[PlyCount "77"]
[EventDate "2013.11.18"]
[EventType "team-tourn"]
[EventRounds "14"]
[EventCountry "ESP"]
[Source "lmi"]
[SourceDate "2013.11.18"]
[WhiteTeam "Collado Villalba"]
[BlackTeam "Liberty Chess"]
[WhiteTeamCountry "ESP"]
[BlackTeamCountry "ESP"]

1. Nf3 d5 2. g3 Nf6 3. Bg2 g6 4. d3 Bg7 5. Nbd2 b6 6. e4 Bb7 7. e5 Nfd7 8. Qe2
e6 9. Nf1 c5 10. h4 h5 11. Bf4 Nc6 12. N1h2 Qc7 13. Kf1 Kf8 14. Re1 Rc8 15. g4
c4 16. d4 c3 17. b3 Nb4 18. Kg1 a5 19. a3 Ba6 20. Qd1 Nc6 21. Ng5 a4 22. b4 Ke7
23. Nf1 Bxf1 24. Bxf1 hxg4 25. Bg3 b5 26. Qxg4 Qb6 27. Rd1 Nf8 28. Qf4 Nd8 29.
Rh3 Nh7 30. Nf3 Nf8 31. Bh2 Rh5 32. Qe3 Ke8 33. Bf4 Nc6 34. Qd3 Rf5 35. Bg5 Na7
36. Qe3 Nc6 37. h5 gxh5 38. Nh4 Ne7 39. Bxe7 1-0

[Event "Liga Madrileña - DH 2013-2014"]
[Site "Madrid ESP"]
[Date "2014.02.16"]
[Round "10.42"]
[White "Valles Moreno, Ivan"]
[Black "Vazquez Igarza, Renier"]
[Result "0-1"]
[WhiteElo "2373"]
[BlackElo "2588"]
[PlyCount "69"]
[EventDate "2013.11.18"]
[EventType "team-tourn"]
[EventRounds "14"]
[EventCountry "ESP"]
[Source "lmi"]
[SourceDate "2013.11.18"]
[WhiteTeam "Liberty Chess"]
[BlackTeam "Collado Villalba"]
[WhiteTeamCountry "ESP"]
[BlackTeamCountry "ESP"]

1. e4 e5 2. f4 exf4 3. Nf3 Ne7 4. Bc4 d5 5. exd5 Nxd5 6. O-O Be7 7. d4 O-O 8.
Bxd5 Qxd5 9. Bxf4 Qd8 10. Nc3 c6 11. Qd3 Be6 12. Rae1 Nd7 13. Bg3 Re8 14. Ne2
Nf8 15. c4 Ng6 16. Rd1 Qd7 17. Nc3 Rad8 18. d5 cxd5 19. cxd5 Bc5+ 20. Kh1 Bf5
21. Qc4 Rc8 22. Qb3 h6 23. Nd4 Bg4 24. Rd2 h5 25. Na4 h4 26. Bf2 h3 27. Rg1
hxg2+ 28. Rxg2 Bxd4 29. Bxd4 Qf5 30. Nc3 Re1+ 31. Bg1 Bf3 32. Qb4 Nf4 33. Qd4
Nxg2 34. Rxg2 Bxg2+ 35. Kxg2 0-1

[Event "Liga Madrileña - DH 2013-2014"]
[Site "Madrid ESP"]
[Date "2014.02.16"]
[Round "10.43"]
[White "Moreno Ruiz, Javier"]
[Black "Garcia Cuenca, Victor Manuel"]
[Result "1-0"]
[WhiteElo "2470"]
[BlackElo "2349"]
[PlyCount "67"]
[EventDate "2013.11.18"]
[EventType "team-tourn"]
[EventRounds "14"]
[EventCountry "ESP"]
[Source "lmi"]
[SourceDate "2013.11.18"]
[WhiteTeam "Collado Villalba"]
[BlackTeam "Liberty Chess"]
[WhiteTeamCountry "ESP"]
[BlackTeamCountry "ESP"]

1. d4 Nf6 2. c4 c5 3. d5 b5 4. cxb5 a6 5. bxa6 g6 6. Nc3 Bxa6 7. Nf3 Bg7 8. e4
Bxf1 9. Kxf1 d6 10. g3 Nbd7 11. Kg2 O-O 12. a4 Ra6 13. Qc2 Qa8 14. Rd1 Nb6 15.
Ra2 Nfd7 16. Bg5 Re8 17. b3 e6 18. Nb5 Qb8 19. dxe6 Rxe6 20. Bf4 Nc8 21. Qd3
Rb6 22. Re2 h6 23. h4 Qb7 24. Nd2 Nf6 25. f3 d5 26. Rde1 dxe4 27. Nxe4 Nxe4 28.
Rxe4 Ne7 29. Rxe6 Rxe6 30. Rxe6 fxe6 31. Qd6 Nd5 32. Qxe6+ Kh7 33. Bd2 Nb4 34.
h5 1-0

[Event "Liga Madrileña - DH 2013-2014"]
[Site "Madrid ESP"]
[Date "2014.02.16"]
[Round "10.44"]
[White "Perez Gonzalez, Jose Manuel"]
[Black "Pena Gomez, Manuel"]
[Result "0-1"]
[WhiteElo "2324"]
[BlackElo "2417"]
[PlyCount "42"]
[EventDate "2013.11.18"]
[EventType "team-tourn"]
[EventRounds "14"]
[EventCountry "ESP"]
[Source "lmi"]
[SourceDate "2013.11.18"]
[WhiteTeam "Liberty Chess"]
[BlackTeam "Collado Villalba"]
[WhiteTeamCountry "ESP"]
[BlackTeamCountry "ESP"]

1. e4 c5 2. Nf3 e6 3. d4 cxd4 4. Nxd4 Nc6 5. Nc3 Qc7 6. Be3 a6 7. Qd2 Nf6 8.
O-O-O Bb4 9. f3 O-O 10. Nb3 d5 11. Bc5 Bxc5 12. Nxc5 Rd8 13. exd5 exd5 14. Bd3
d4 15. N3e4 Nd5 16. Qg5 Ne5 17. Rhe1 f5 18. Nb3 h6 19. Qh4 Nxd3+ 20. Rxd3 fxe4
21. Rxe4 Bf5 0-1

[Event "Liga Madrileña - DH 2013-2014"]
[Site "Madrid ESP"]
[Date "2014.02.16"]
[Round "10.45"]
[White "Ortega Ruiz, Jose Miguel"]
[Black "Martin Rueda, Daniel"]
[Result "0-1"]
[WhiteElo "2366"]
[BlackElo "2315"]
[PlyCount "92"]
[EventDate "2013.11.18"]
[EventType "team-tourn"]
[EventRounds "14"]
[EventCountry "ESP"]
[Source "lmi"]
[SourceDate "2013.11.18"]
[WhiteTeam "Collado Villalba"]
[BlackTeam "Liberty Chess"]
[WhiteTeamCountry "ESP"]
[BlackTeamCountry "ESP"]

1. d4 d5 2. c4 c6 3. Nf3 Nf6 4. e3 Bf5 5. Nbd2 e6 6. Be2 Nbd7 7. a3 h6 8. O-O
Bd6 9. b4 O-O 10. Bb2 Qb8 11. Rc1 a6 12. c5 Bc7 13. Nb3 Ne4 14. a4 g5 15. h3 g4
16. hxg4 Bxg4 17. Nh4 Qd8 18. Bxg4 Qxh4 19. Bh3 f5 20. f4 Kh7 21. Qe1 Qh5 22.
Qd1 Qh4 23. Qe1 Qh5 24. Qd1 Qg6 25. Bc3 Rg8 26. Be1 Rg7 27. Rc2 Rag8 28. Nc1
Qe8 29. Nd3 Ndf6 30. Rb2 Ng4 31. Qf3 Ngf6 32. Qd1 Ng4 33. Qf3 Ngf6 34. Qd1 Ng3
35. Rf3 Nfe4 36. Nf2 Nxf2 37. Bxf2 Ne4 38. Be1 Qh5 39. Qe2 Bd8 40. Kh2 Bh4 41.
Bxh4 Qxh4 42. b5 axb5 43. axb5 Ra8 44. bxc6 bxc6 45. Ra2 Nc3 46. Qf2 Rxg2+ 0-1

[Event "Liga Madrileña - DH 2013-2014"]
[Site "Madrid ESP"]
[Date "2014.02.16"]
[Round "10.46"]
[White "Fernandez Garcia, Miguel Angel"]
[Black "Martinez Rodriguez, Pablo"]
[Result "1-0"]
[WhiteElo "2325"]
[BlackElo "2277"]
[PlyCount "95"]
[EventDate "2013.11.18"]
[EventType "team-tourn"]
[EventRounds "14"]
[EventCountry "ESP"]
[Source "lmi"]
[SourceDate "2013.11.18"]
[WhiteTeam "Liberty Chess"]
[BlackTeam "Collado Villalba"]
[WhiteTeamCountry "ESP"]
[BlackTeamCountry "ESP"]

1. d4 c5 2. d5 e5 3. Nc3 Nf6 4. e4 d6 5. Be2 Be7 6. Nf3 O-O 7. O-O Bg4 8. Nd2
Bxe2 9. Qxe2 Ne8 10. Nc4 Bg5 11. a4 Nd7 12. g3 Bxc1 13. Raxc1 Qe7 14. Rce1 g6
15. f4 exf4 16. gxf4 f6 17. Qg4 Nc7 18. Re2 a6 19. a5 Rae8 20. Rfe1 Nb5 21.
Nxb5 axb5 22. Na3 b4 23. Nc4 Rf7 24. c3 Qf8 25. Qg3 Rb8 26. cxb4 cxb4 27. Kh1
b5 28. axb6 Nxb6 29. Nxb6 Rxb6 30. Rc2 Kg7 31. f5 g5 32. h4 h6 33. hxg5 fxg5
34. Qe3 Rbb7 35. Qd4+ Rf6 36. Kg2 Kh7 37. Rec1 Qg7 38. Rc8 Rff7 39. Qxg7+ Kxg7
40. Rd8 Rfd7 41. Rxd7+ Rxd7 42. Rc4 Kf6 43. Rxb4 Ke5 44. Kf3 h5 45. Ke3 h4 46.
Rb8 Rh7 47. Re8+ Kf6 48. Re6+ 1-0

[Event "Liga Madrileña - DH 2013-2014"]
[Site "Madrid ESP"]
[Date "2014.02.22"]
[Round "11.12"]
[White "Martin Duque, Jesus"]
[Black "Espinosa Aranda, Angel"]
[Result "1/2-1/2"]
[WhiteElo "2233"]
[BlackElo "2387"]
[PlyCount "52"]
[EventDate "2013.11.18"]
[EventType "team-tourn"]
[EventRounds "14"]
[EventCountry "ESP"]
[Source "lmi"]
[SourceDate "2013.11.18"]
[WhiteTeam "Vallecas CDV"]
[BlackTeam "64 Villalba"]
[WhiteTeamCountry "ESP"]
[BlackTeamCountry "ESP"]

1. e4 c5 2. Nf3 Nc6 3. d4 cxd4 4. Nxd4 g6 5. c4 Bg7 6. Be3 Nf6 7. Nc3 O-O 8.
Be2 d6 9. O-O Bd7 10. Nc2 Rc8 11. f3 a6 12. Qd2 Ne5 13. b3 b5 14. cxb5 Qc7 15.
Bd4 axb5 16. Rfc1 Qb7 17. Nb4 Nc6 18. Nxc6 Bxc6 19. a4 bxa4 20. bxa4 Qb4 21.
Rab1 Qa5 22. Bb6 Qa8 23. Bd4 Qa5 24. Bb6 Qa8 25. Bd4 Qa5 26. Bb6 Qa8 1/2-1/2